Linear control system analysis and design: conventional and modern (Record no. 594002)

000 -LEADER
fixed length control field 00974cam a2200277 4500
001 - CONTROL NUMBER
control field 4569753
005 - DATE AND TIME OF LATEST TRANSACTION
control field 20230321160640.0
008 - FIXED-LENGTH DATA ELEMENTS--GENERAL INFORMATION
fixed length control field 740828s1975 nyua b 001 0 eng
010 ## - LIBRARY OF CONGRESS CONTROL NUMBER
LC control number 74019012
020 ## - INTERNATIONAL STANDARD BOOK NUMBER
International Standard Book Number 0070161798
040 ## - CATALOGING SOURCE
Original cataloging agency DLC
Transcribing agency DLC
Modifying agency DLC
050 00 - LIBRARY OF CONGRESS CALL NUMBER
Classification number TJ213
Item number .D33
082 00 - DEWEY DECIMAL CLASSIFICATION NUMBER
Classification number 629.8
Author Mark AZZ
100 1# - MAIN ENTRY--PERSONAL NAME
Personal name D'Azzo, John Joachim.
9 (RLIN) 110983
245 10 - TITLE STATEMENT
Title Linear control system analysis and design: conventional and modern
Statement of responsibility, etc. [by] John J. D'Azzo [and] Constantine H. Houpis.
260 ## - PUBLICATION, DISTRIBUTION, ETC.
Place of publication, distribution, etc. New York,
Name of publisher, distributor, etc. McGraw-Hill
Date of publication, distribution, etc. [1975]
300 ## - PHYSICAL DESCRIPTION
Extent xviii, 636 p.
Other physical details illus.
Dimensions 24 cm.
490 0# - SERIES STATEMENT
Series statement McGraw-Hill electrical and electronic engineering series
504 ## - BIBLIOGRAPHY, ETC. NOTE
Bibliography, etc. note Includes bibliographical references.
650 #0 - SUBJECT ADDED ENTRY--TOPICAL TERM
Topical term or geographic name entry element Linear control systems.
650 #0 - SUBJECT ADDED ENTRY--TOPICAL TERM
Topical term or geographic name entry element Control theory.
650 #0 - SUBJECT ADDED ENTRY--TOPICAL TERM
Topical term or geographic name entry element Electrical engineering
General subdivision Mathematics.
9 (RLIN) 55701
700 1# - ADDED ENTRY--PERSONAL NAME
Personal name Houpis, Constantine H.,
Relator term joint author.
9 (RLIN) 110984
906 ## - LOCAL DATA ELEMENT F, LDF (RLIN)
a 7
b cbc
c orignew
d 1
e ocip
f 19
g y-gencatlg
942 ## - ADDED ENTRY ELEMENTS (KOHA)
Source of classification or shelving scheme
Koha item type Book
Holdings
Withdrawn status Lost status Source of classification or shelving scheme Damaged status Not for loan Permanent Location Current Location Shelving location Date acquired Full call number Barcode Date last seen Price effective from Koha item type
          School of Mechanical & Manufacturing Engineering (SMME) School of Mechanical & Manufacturing Engineering (SMME) Aerospace Engineering 03/21/2023 629.8 AZZ SMME-4044 03/21/2023 03/21/2023 Book
© 2023 Central Library, National University of Sciences and Technology. All Rights Reserved.